Países por Pista #1 - Estadísticas

Estadísticas generales
  • Esta prueba ha sido intentada 69 veces
  • La puntuación promedio es 8 de 14
Estadísticas de respuestas
Hint Respuesta % Correcto
Posee la Estatua de la Libertad, la cual se la regaló otro país. ¿De qué países hablamos? Estados Unidos
98%
Posee la Estatua de la Libertad, la cual se la regaló otro país. ¿De qué países hablamos? Francia
90%
Son los países modernos que conformaron la Gran Colombia. Colombia
82%
Es el país más grande que solo tiene una frontera. Canadá
70%
Son los países modernos que conformaron la Gran Colombia. Ecuador
70%
Son los países modernos que conformaron la Gran Colombia. Panamá
67%
Es el país más grande de las Antillas. Cuba
64%
Son los países modernos que conformaron la Gran Colombia. Venezuela
59%
El nombre de la capital de Trinidad y Tobago tiene el nombre de este país. España
57%
Su nombre oficial es "República de China". Taiwán
52%
En Europa, donde se encuentran sus capitales, no tienen frontera; pero la tienen en la Isla San Martín. Francia
48%
En Europa, donde se encuentran sus capitales, no tienen frontera; pero la tienen en la Isla San Martín. Países Bajos
36%
La frontera con más diferencia horaria de todo el mundo (nombra los países). China
13%
La frontera con más diferencia horaria de todo el mundo (nombra los países). Afganistán
10%
No se encontraron pruebas coincidentes
Distribución de puntuación
Porcentaje de gente con cada puntuación
Porcentaje por número respondido
Historial de tus puntuaciones
No has intentado esta prueba.